00675nam a2200193 a 4500001001300000003000900013005001700022008004100039020002400080082001600104100002300120245005900143260004200202300000900244500003500253505014600288650002400434700002300458nice12345678IN_TiNIC20260116014047.0100329s2006 graa grp 000 0 eng  a9780801026942c167000a230.03bVAN aVanhoozer, Kevin J aDictionary for Theological Interpretation of the Bible aGrand RapidsbBaker Book House c2006 a896p aincludes index and biblioraphy2 a Index  aDictionary-Theology1 aVanhoozer, Kevin J